000 01503nam0a22003131 4500
001 rc\4653241
005 20260407000017.0
021 _aRU
_b[64-46606]
035 _a(NLR Aleph) 008692633
090 _a9248667
_c9248667
100 _a20130416d1964 |||y0rusy50 ca
101 0 _arus
102 _aRU
105 _aa b |||||
200 1 _aКаталог
_fГос. музей изобразит. искусств им. А.С Пушкина. Моск. отд-ние Союза художников РСФСР. Выставка произведений П.Я. Павлинова
210 _aМосква
_cБ. и.
_d1964
215 _a12 с., 8 л. ил.
_d20
300 _aНа обороте тит. л. сост.: Н. Александрова, К. Безменова
606 _aРусская советская графика
_xВыставки
_z1964
_yМосква
_2psbo
606 _aРусская советская живопись
_xВыставки
_z1964
_yМосква
_2psbo
702 1 _aБезменова
_bК.
_4220
702 1 _4220
_7ca
_8rus
_aАлександрова
_bН. И.
_cискусствовед
_f1927-2003
_gНаталия Ивановна
_9123182
_3RU\NLR\AUTH\7713493
710 1 0 _aПавлинов,
_gПавел Яковлевич
_hВыставка произведений
_f1964
_eМосква
_3RU\NLR\AUTH\889989964
_9475414
801 0 _aRU
_bNLR
_gpsbo
801 1 _aRU
_bELAR
_2rusmarc
852 _aNLR
_bЭ
_jКП/П120
942 _cBOOK
980 _aNB